000 01043nam0a22003131 4500
001 RU\NLR\A1SV\33242
005 20251203171251.9
035 _a(NLR Aleph) 009716656
090 _a9857786
_c9857786
100 _a20000529d1926 u y0rusy50 ca
101 0 _arus
102 _aRU
200 1 _aГоловня зерновых хлебов и средства борьбы с ней
_e(С 19 рис. в тексте)
_fВ.Гальков
_gУрал. обл. зем. упр. Ст. защиты растений от вредителей с. х.
210 _aСвердловск
_cУралоблзу
_d1926
215 _a37 с.
_cил.
_d21 см
320 _aБиблиогр.: с.36-37
620 _dЕкатеринбург
700 1 _aГальков
_bВ.П.
_gВалентин Павлович
_4070
801 0 _aRU
_bNLR
_c20000529
852 _aNLR
_j38/4064
899 _aБАН
899 _aКирОУНБ
899 _aРГБ
899 _aРКП
899 _aNLG
942 _cBOOK
980 _aNB
980 _aA1SV